00395nam a2200145Ia 4500008004100000020001500041041001200056082001600068100001400084245007100098260003900169300000800208650001200216700002100228221030s9999 xx 000 0 und d a8177584375 aEnglish a105.23bMis aS. Mishra 0aCommunication Skills for Engineerscby S. Mishra, C. Muralikrishna bPearson EducationaNew Delhic2006 a257 aEnglish aC. Muralikrishna